| 000 | 00974nam a2200241 a 4500 | ||
|---|---|---|---|
| 999 |
_c10345 _d10345 |
||
| 001 | 10345 | ||
| 003 | BD-JhCC | ||
| 005 | 20180522124911.0 | ||
| 008 | 180424s2011 bg |||| ||a| 000 0 ben d | ||
| 020 | _a9847010300290 | ||
| 035 | _a(BD-JhCC)10345 | ||
| 040 |
_aBD-JhCC _dBD-JhCC |
||
| 041 | _aben | ||
| 082 |
_a330.088297 _bCAP 2011 |
||
| 100 | _aচাপড়া, ড. এম ওমর | ||
| 245 |
_aঅর্থশাস্ত্রের ভবিষ্যৎ : _bইসলামি দৃষ্টিকোণ থেকে / _cড. এম ওমর চাপড়া, ড. মাহমুদ আহমদ (অনুবাদ) |
||
| 260 |
_aঢাকা : _bবাংলাদেশ ইনস্টিটিউট অব ইমলামিক থ্যট (বিআইআইটি), _c2011. |
||
| 300 |
_a430 p. : _c22 cm. |
||
| 650 |
_aEconomics _xIslam |
||
| 700 | _aআহমদ, ড. মাহমুদ | ||
| 942 |
_2ddc _cBK |
||